Visualizzazione normale
Vista MARC
- Lean David
di Personal Name
Records bibliografici associati: 1
001 - CONTROL NUMBER
- control field: 36916
003 - CONTROL NUMBER IDENTIFIER
- control field: IT-RoPau
005 - DATE AND TIME OF LATEST TRANSACTION
- control field: 20151125153635.0
008 - FIXED-LENGTH DATA ELEMENTS
- fixed length control field: 151125|| aca||aabn | a|a d
040 ## - CATALOGING SOURCE
- Original cataloging agency: IT-RoPau
- Transcribing agency: IT-RoPau
100 ## - HEADING--PERSONAL NAME
- Personal name: Lean David
- Relator term: (regista)
- Miscellaneous information: Codice regista SPICS: 11248
670 ## - SOURCE DATA FOUND
- Source citation: Work cat.: (IT-RoPau)104651: Lean David Codice regista SPICS: 11248 36911, PONTE SUL FIUME KWAI (IL) PONTE SUL FIUME KWAI (IL) (Rif. Codice opera principale : H6906)